Elements of electrical networks (Record no. 160380)

MARC details
000 -LEADER
fixed length control field 00393nam a2200157Ia 4500
008 - FIXED-LENGTH DATA ELEMENTS--GENERAL INFORMATION
fixed length control field 231217s9999 xx 000 0 und d
041 ## - LANGUAGE CODE
Language code of text/sound track or separate title English
082 ## - DEWEY DECIMAL CLASSIFICATION NUMBER
Classification number 621.3192 RED;1
100 ## - MAIN ENTRY--PERSONAL NAME
Personal name Narayana Reddy, P
245 #0 - TITLE STATEMENT
Title Elements of electrical networks
250 ## - EDITION STATEMENT
Edition statement 2nd ed.
260 ## - PUBLICATION, DISTRIBUTION, ETC.
Date of publication, distribution, etc. 1986
Name of publisher, distributor, etc. New Delhi : Khanna,
300 ## - PHYSICAL DESCRIPTION
Extent iv+499
650 ## - SUBJECT ADDED ENTRY--TOPICAL TERM
Topical term or geographic name entry element Network, electrical
942 ## - ADDED ENTRY ELEMENTS (KOHA)
Koha item type Books
Holdings
Date last seen Total checkouts Full call number Accession number Cost, total (INR) price Price effective from Category Lost status Damaged status Department Withdrawn status Home library Current library Entry date Vendor Cost, normal purchase price Grants Billnumber Billdate Currency symbol Conversion rate Discount Old discount Public note Shelving location Date last checked out
26/01/2024   621.3192 RED;1 409 25.50 26/01/2024 Books     Central Library   Central Library Central Library 03/01/1989 BBB 30.00 EC 2265 25/02/1989 RS 1 4.5 15      
26/01/2024   621.3192 RED;2 410 25.50 26/01/2024 Books     Library Annex   Central Library Central Library 03/01/1989   30.00 EC 2265 25/02/1989 RS 1 4.5 15 Weeded Out 2016 Library Annex  
26/01/2024   621.3192 RED 411 25.50 26/01/2024 Books     Library Annex   Central Library Central Library 03/01/1989   30.00 EC 2265 25/02/1989 RS 1 4.5 15 Missing 2020 Library Annex  
26/01/2024   621.3192 NAR;1 412 25.50 26/01/2024 Books     Library Annex   Central Library Central Library 03/01/1989   30.00 EC 2265 25/02/1989 RS 1 4.5 15 Weeded Out 2016 Library Annex  
26/01/2024     413 25.50 26/01/2024 Books     Central Library   Central Library Central Library 03/01/1989   30.00 EC 2265 25/02/1989 RS 1 4.5 15      
26/01/2024   621.3192 NAR 2327 25.50 26/01/2024 Books     Central Library   Central Library Central Library 13/08/1990 BBB 30.00 EC 441 17/08/1990 RS 1 4.5 15 Weed    
17/11/2025 1 621.3192 RED;4 2328 25.50 26/01/2024 Books     Central Library   Central Library Law Library 13/08/1990 BBB 30.00 EC 441 17/08/1990 RS 1 4.5 15 Weeded Out 2016   17/11/2025

© For any Suggestions or Query, please contact the library staff @ librarian@pes.edu or Phone: +9180 2672 1983/ 2108.